| 000 | 00442nam a22001457a 4500 | ||
|---|---|---|---|
| 020 | _a0-07-010951-6 | ||
| 082 | _a621.381044 CHR'H | ||
| 100 |
_aCHRYSSIS, GEORGE _966032 |
||
| 245 | _aHIGH FREQUENCY SWITCHING POWER SUPPLIES , THEORY AND DESIGN | ||
| 250 | _a2ND | ||
| 260 |
_aNEWYORK _bMCGRAW HILL _c1989 |
||
| 300 | _a287P | ||
| 650 |
_aELECTRONIC APPARATUS AND APPLICATION POWER SUPPLY MICROELECTRONICS POWER SUPPLY _966033 |
||
| 942 | _cBK | ||
| 999 |
_c574077 _d574077 |
||